ՀՀ Գիտությունների ազգային ակադեմիայի հիմնարար գիտական գրադարան  =   Fundamental Scientific Library of NAS RA

Մեր վերածնունդը եւ Անթիլիաս : (Record no. 534013)

MARC details
000 -LEADER
fixed length control field 00893nam a2200229 a 4500
001 - CONTROL NUMBER
control field 000493017
003 - CONTROL NUMBER IDENTIFIER
control field AM-YeHGA
005 - DATE AND TIME OF LATEST TRANSACTION
control field 20250618080211.0
008 - FIXED-LENGTH DATA ELEMENTS--GENERAL INFORMATION
fixed length control field 060614s1957 ai |||||||||||||||0|arm|d
040 ## - CATALOGING SOURCE
Original cataloging agency AM-YeHGA
041 0# - LANGUAGE CODE
Language code of text/sound track or separate title arm
090 ## - LOCALLY ASSIGNED LC-TYPE CALL NUMBER (OCLC); LOCAL CALL NUMBER (RLIN)
-- 573485
245 00 - TITLE STATEMENT
Title Մեր վերածնունդը եւ Անթիլիաս :
Remainder of title Խօսք Տիար Յ. Խաշմանեանին.
246 30 - VARYING FORM OF TITLE
Title proper/short title Խօսք Տիար Յ. Խաշմանեանին
260 ## - PUBLICATION, DISTRIBUTION, ETC.
Place of publication, distribution, etc. Ա. տ. :
Name of publisher, distributor, etc. տպ. Սեւան :
-- Հայաստանեայց եկեղեցւոյ բարեկամներու հրատ.,
Date of publication, distribution, etc. 1957.
300 ## - PHYSICAL DESCRIPTION
Extent 24 էջ ;
Dimensions 24 սմ.
440 #0 - SERIES STATEMENT/ADDED ENTRY--TITLE
Title Պատմութեան համար
500 ## - GENERAL NOTE
General note (Արտատպուած «Էջմիածին» ամսագրի 1956 դեկտեմբեր եւ 1957 փետրուար-մարտ թիւէն)
650 14 - SUBJECT ADDED ENTRY--TOPICAL TERM
Topical term or geographic name entry element Հայ եկեղեցի
650 14 - SUBJECT ADDED ENTRY--TOPICAL TERM
Topical term or geographic name entry element Քարոզներ
9 (RLIN) 4631
942 ## - ADDED ENTRY ELEMENTS (KOHA)
Source of classification or shelving scheme Universal Decimal Classification
Koha item type Գրքեր / Books
Holdings
Withdrawn status Lost status Damaged status Not for loan Collection Home library Current library Date acquired Total checkouts Full call number Barcode Date last seen Price effective from Koha item type Public note
        Zhamkochyan Individual collection Fundamental Scientific Library Fundamental Scientific Library 22/04/2025   Ժամ/340 FL0690561 22/04/2025 22/04/2025 Գրքեր / Books ILL Non-Circ.


ՀՀ ԳԱԱ հիմնարար գիտական գրադարան
ՀՀ,Երևան 0019
Մարշալ Բաղրամյան 24/6
հեռախոս:(374-10) 52-47-50
Հետադարձ կապ

All site content, except where otherwise noted, is licensed under a
Creative Commons License